| 000 -LEADER |
| fixed length control field |
00730nam a22001577a 4500 |
| 005 - DATE AND TIME OF LATEST TRANSACTION |
| control field |
20231116114710.0 |
| 008 - FIXED-LENGTH DATA ELEMENTS--GENERAL INFORMATION |
| fixed length control field |
231116s1980 ru ||||| |||| 00| 0 rus d |
| 041 ## - LANGUAGE CODE |
| Language code of text/sound track or separate title |
rus |
| 080 ## - UNIVERSAL DECIMAL CLASSIFICATION NUMBER |
| Universal Decimal Classification number |
902.6 Б-87 |
| 100 ## - MAIN ENTRY--PERSONAL NAME |
| Personal name |
Брашинский, И.Б. |
| 9 (RLIN) |
20417 |
| 245 ## - TITLE STATEMENT |
| Title |
Греческий керамический импорт на нижнем Дону в V-III вв. до н.э. |
| Statement of responsibility, etc. |
И.Б. Брашинский; Академия наук СССР институт археологии. |
| 264 ## - PRODUCTION, PUBLICATION, DISTRIBUTION, MANUFACTURE, AND COPYRIGHT NOTICE |
| Place of production, publication, distribution, manufacture |
Ленинград : |
| Name of producer, publisher, distributor, manufacturer |
Наука, |
| Date of production, publication, distribution, manufacture, or copyright notice |
1980. |
| 300 ## - PHYSICAL DESCRIPTION |
| Extent |
267 с.: |
| Other physical details |
ил.; |
| Dimensions |
22 см. |
| 653 ## - INDEX TERM--UNCONTROLLED |
| keyword |
ბერძნული კერამიკის იმპორტი ქვედა დონზე |
| 942 ## - ADDED ENTRY ELEMENTS (KOHA) |
| Source of classification or shelving scheme |
|
| Koha item type |
წიგნი |